Changing Korea in regional and global contexts (Record no. 1100393)

MARC details
000 -LEADER
fixed length control field 00897nam a2200289Ia 4500
003 - CONTROL NUMBER IDENTIFIER
control field OSt
005 - DATE AND TIME OF LATEST TRANSACTION
control field 20221006153428.0
008 - FIXED-LENGTH DATA ELEMENTS--GENERAL INFORMATION
fixed length control field 221006b |||||||| |||| 00| 0 kor d
020 ## - INTERNATIONAL STANDARD BOOK NUMBER
International Standard Book Number 9788952105653
037 ## - SOURCE OF ACQUISITION
Terms of availability Textual
040 ## - CATALOGING SOURCE
Original cataloging agency EASL
Transcribing agency EASL
Language of cataloging kor
041 ## - LANGUAGE CODE
Source of code kor
Language code of text/sound track or separate title kor
100 ## - MAIN ENTRY--PERSONAL NAME
Personal name LEE-JAY Cho etc Ed.
9 (RLIN) 663878
245 #0 - TITLE STATEMENT
Title Changing Korea in regional and global contexts
260 ## - PUBLICATION, DISTRIBUTION, ETC.
Place of publication, distribution, etc. Seoul
Name of publisher, distributor, etc. Seoul National University Press Korea
Date of publication, distribution, etc. 2004
300 ## - PHYSICAL DESCRIPTION
Extent 589p.
Dimensions cm.
490 ## - SERIES STATEMENT
Volume/sequential designation KEL
650 ## - SUBJECT ADDED ENTRY--TOPICAL TERM
Topical term or geographic name entry element KEL
650 ## - SUBJECT ADDED ENTRY--TOPICAL TERM
Topical term or geographic name entry element Development-Globalization
9 (RLIN) 663879
700 ## - ADDED ENTRY--PERSONAL NAME
Personal name EAST-WEST CENTER
9 (RLIN) 663880
942 ## - ADDED ENTRY ELEMENTS (KOHA)
Classification part V495:191.P3, P4
Koha item type Textual
Source of classification or shelving scheme Colon Classification (CC)
Holdings
Withdrawn status Lost status Source of classification or shelving scheme Damaged status Not for loan Home library Current library Date acquired Source of acquisition Serial Enumeration / chronology Total Checkouts Full call number Barcode Date last seen Price effective from Koha item type
    Colon Classification (CC)     Department of East Asian Studies Library Department of East Asian Studies Library 2022-10-06 Gift, Korean Embassy KEL   V495:191.P3 P4 EA1396730 2022-10-06 2022-10-06 Textual
Copyright @ Delhi University Library System